000
00318pam a2200133a 44500
008
230405s2005 xxu||||| |||| 00| 0 eng d
041
_a
ENG
100
_a
CARTER S J
245
_a
TUTORIAL PHARMACY (COOPER)
250
_a
1
260
_a
NEW YORK
_b
JOHN WILLY & SONS NEW YORK
_c
2005
300
_a
469
906
_a
3834
999
_c
269273
_d
269273